| 000 | 01405cam a2200277 4500 | ||
|---|---|---|---|
| 001 | ABS63692 | ||
| 008 | 000000n2001 000 0 eng u | ||
| 035 | _a(Sirsi) u111469 | ||
| 100 | _aBrown, S. | ||
| 245 | _aDealing with the effects of flooding | ||
| 260 | _c2001 | ||
| 490 |
_aCSM (Chartered Surveyor Monthly) _vMarch 2001, 32(1) |
||
| 520 | _aIn the wake of the autumn 2000 floods, the RICS Research Foundation has published the findings of new research carried out by the University of Wolverhampton. Researchers looked at the existing knowledge base available to surveyors carrying out remedial work, and dealing with the aftermath of floods. Their findings reveal a lack of comprehensive guidance for surveyors, and a clear need for standardisation on the specification of required repair works, as a result of flood damage. Copies of "Surveying flood damage to domestic dwellings: the present state of knowledge", priced £3.25 +p&p, can be obtained from RICS Books. Tel: 020 7222 7000. | ||
| 590 | _aABS | ||
| 650 | _aFLOODING | ||
| 650 | _aREMEDIAL WORK | ||
| 650 | _aABOUT RICS-RELATED ORGANISATIONS-RICS RESEARCH FOUNDATION | ||
| 650 | _aUNIVERSITY OF WOLVERHAMPTON | ||
| 650 | _aLLOYDS | ||
| 650 | _aCONTAMINANTS | ||
| 650 | _aGUIDANCE | ||
| 650 | _aPROFESSIONAL PRACTICE | ||
| 690 | _aENVIRONMENTAL AND LAND CONSULTANCY | ||
| 700 | _aProverbs, D. | ||
| 942 | _n0 | ||
| 999 |
_c66417 _d66417 |
||